Music production : how to record, mix and master music
Bewaard in:
| Hoofdauteur: | |
|---|---|
| Formaat: | Boek |
| Taal: | Engels |
| Gepubliceerd in: |
Routledge
2019
|
| Tags: |
Voeg label toe
Geen labels, Wees de eerste die dit record labelt!
|
MARC
| LEADER | 00000nam a22000007a 4500 | ||
|---|---|---|---|
| 008 | 240809b |||||||| |||| 00| 0 eng d | ||
| 020 | |a 9781138626102 | ||
| 100 | |a Hans, Weekhout | ||
| 245 | |a Music production |b : how to record, mix and master music |c Hans weekhout |g x, 384p.;ill | ||
| 260 | |b Routledge |c 2019 |h New York |i 700872 |i 700873 |l ML3790.W41 |m Sound recordings- Production and direction |m Popular music- Production and direction | ||
| 500 | |a It includes index | ||
| 942 | |a lcc |c BK |e Adeyemo O.O |f 8/9/2024 | ||
| 952 | |0 0 |1 0 |2 lcc |4 0 |6 ML3790 W41 |7 0 |9 5464 |a ART |b HOL |c LP |d 2024-08-09 |l 0 |o ML3790.W41 |p 2024-0705 |r 2024-08-09 00:00:00 |t 700872 |w 2024-08-09 |y BK | ||
| 952 | |0 0 |1 0 |2 lcc |4 0 |6 ML3790 W41 |7 0 |9 5465 |a HOL |b HOL |c LP |d 2024-08-09 |l 0 |o ML3790.W41 |p 2024-0706 |r 2024-08-09 00:00:00 |t 700873 |w 2024-08-09 |y BK | ||
| 999 | |c 2704 |d 2704 | ||